01664nam a2200289 a 450000100060000000300080000600500170001400800410003103500190007204000270009104100090011808200240012710000600015124501300021126000750034130000490041665000450046565000250051070000650053594200120060099900170061295201450062995201450077495201530091995201470107295201550121952730BD-RjUL20211209075842.0160926s1977 bg ||||| |||| 00| 0 ben d a(BD-RjUL)52850 aBD-RjULbben cBD-RjUL aben  223a360 bISS 1977  aইসলাম, আ. স.ম. নুরুল 914348610aসমাজ-কল্যাণ নীতি ও কর্মসূচী / c আ. স.ম. নুরুল ইসলাম  aঢাকা :bবাংলা একাডেমী, c১৯৭৭  a২২৩ পৃ. ; c২১ সেমি.  aসমাজ কল্যাণ 9124010 aSocial Work 9157699 aরহমান, মোঃ হাবিবুর 9157700 2ddccBK c52730d52730 00102ddc40708NFICaRUCLbRUCLcStackd1988-02-16eWorld brotherhoodg18.00l0oB 360 ISS 1977r2016-09-26 00:00:00tC-2w2016-09-26yBK 00102ddc40708NFICaRUCLbRUCLcStackd1988-02-16eWorld brotherhoodg18.00l0oB 360 ISS 1977r2016-09-26 00:00:00tC-3w2016-09-26yBK 00102ddc40708NFICaRUCLbRUCLcStackd1988-02-16eWorld book agency, Dhaka.g18.00l0oB 360 ISS 1977r2016-11-16 00:00:00tC-4w2016-11-16yBK 00102ddc40708NFICaRUCLbRUCLcStackd1988-02-16eWorld agency, Dhaka.g18.00l0oB 360 ISS 1977r2016-11-24 00:00:00tC-5w2016-11-24yBK 00102ddc40718NFICaRUCLbRUCLcReadingd1982-06-17eAligarh library, Rajshahig18.00l0oB 360 ISS 1977r2016-12-29 00:00:00tC-1w2016-12-29yBK